| 000 | 00000nam 2200000zi 4500 |
| 001 | 9.931066 |
| 003 | CaOODSP |
| 005 | 20240125084753 |
| 006 | m o d f |
| 007 | cr |n||||||||| |
| 008 | 231130s2022 onca ob f000 0 eng d |
| 040 | |aCaOODSP|beng|erda|cCaOODSP |
| 043 | |an-cn--- |
| 086 | 1 |aIu86-66/2022E-PDF |
| 245 | 00|aCanada's tourism renaissance : |bour strategy for recovery : a summary for tourism businesses. |
| 264 | 1|a[Ottawa] : |bDestination Canada, |cSpring 2022. |
| 300 | |a1 online resource (17 pages) : |bcolour illustrations |
| 336 | |atext|btxt|2rdacontent |
| 337 | |acomputer|bc|2rdamedia |
| 338 | |aonline resource|bcr|2rdacarrier |
| 500 | |aIssued also in French under title: La renaissance du tourisme au Canada : notre stratégie de relance : résumé pour les entreprises touristiques. |
| 504 | |aIncludes bibliographical references. |
| 650 | 0|aFederal aid to small business|zCanada. |
| 650 | 0|aTourism|xGovernment policy|zCanada. |
| 710 | 2 |aDestination Canada, |eissuing body. |
| 775 | 08|tLa renaissance du tourisme au Canada : |w(CaOODSP)9.931329 |
| 856 | 40|qPDF|s616 KB|uhttps://publications.gc.ca/collections/collection_2023/dc/Iu86-66-2022-eng.pdf |